000 00566cab a2200205 4500
001 X2318
008 090401t1995 xxu||||| |||| 00| 0 eng d
035 _a(Sirsi) u23336
041 _aeng
245 _aRICS launches Internet electronic mail service
260 _c1995
350 _a0
490 _aCSM (Chartered Surveyor Monthly)
_v4(7) May 1995, 13(1)
650 _aINFORMATION SUPERHIGHWAY
650 _aINTERNET ADDRESSES
650 _aINTERNET
690 _aMANAGEMENT-BUSINESS MANAGEMENT-INFORMATION MANAGEMENT
942 _n0
948 _c04/03/1997
999 _c15602
_d15602